[Event "Michigan Class C"]
[Site "Auburn Hills"]
[Date "2005.01.16"]
[Round "5.7"]
[White "Sawmiller, Tim"]
[Black "Holden, Anthony"]
[Result "0-1"]
[WhiteElo "1548"]
[BlackElo "1526"]
[PlyCount "100"]
[EventDate "2005.01.15"]
[EventType "swiss"]
[EventRounds "5"]
[EventCountry "USA"]
[SourceTitle "EXT 2006"]
[Source "ChessBase"]
[SourceDate "2005.11.24"]
[SourceVersion "1"]
[SourceVersionDate "2005.11.24"]
[SourceQuality "1"]

1. d4 d5 2. Nf3 Bg4 3. e3 Nd7 4. c4 e5 5. Qb3 Bxf3 6. gxf3 g6 7. cxd5 exd4 8. exd4 Qe7+ 9. Be3 Qb4+ 10. Qxb4 Bxb4+ 11. Bd2 Bxd2+ 12. Nxd2 Ngf6 13. Bg2 Nxd5 14. 0-0 0-0-0 15. Rfe1 Nf4 16. Nb3 Nb6 17. Rad1 Nc4 18. Re4 g5 19. Re7 Nxb2 20. Rde1 Nbd3 21. R1e3 Nxg2 22. Kxg2 Nf4+ 23. Kg3 Rd7 24. Kg4 h5+ 25. Kxg5 Ne6+ 26. Kf6 Rh6+ 27. Kxf7 Rh7+ 28. Kxe6 Rdxe7+ 29. Kf5 Ref7+ 30. Kg6 Rhg7+ 31. Kxh5 Rf8 32. Kh6 Rg2 33. Kh7 b6 34. d5 Rf4 35. Re6 Rxf2 36. Kg7 Rg2+ 37. Kh7 Rxa2 38. h3 Rxf3 39. Nd4 Rxh3+ 40. Kg7 Rg3+ 41. Kf7 Rf2+ 42. Rf6 Rd2 43. Nb5 a6 44. Na7+ Kb7 45. Nc6 Rxd5 46. Ne7 Rd7 47. Ke8 Rgd3 48. Re6 Rd8+ 49. Kf7 R3d7 50. Re5 a5 0-1

[Event "Auburn Hills op"]
[Site "Auburn Hills"]
[Date "2004.04.17"]
[Round "3"]
[White "Holden, Anthony"]
[Black "Smith, Robert Wayne"]
[Result "1-0"]
[WhiteElo "1566"]
[BlackElo "1500"]
[PlyCount "41"]
[EventDate "2004.04.17"]
[EventType "swiss"]
[EventRounds "5"]
[EventCountry "USA"]
[SourceTitle "EXT 2008"]
[Source "ChessBase"]
[SourceDate "2007.11.25"]
[SourceVersion "1"]
[SourceVersionDate "2007.11.25"]
[SourceQuality "1"]

1. d4 Nf6 2. e3 e6 3. Bd3 d5 4. c3 Nbd7 5. f4 Bd6 6. Nd2 c5 7. Ngf3 cxd4 8. cxd4 0-0 9. g4 Nxg4 10. Bxh7+ Kh8 11. Qe2 Ngf6 12. Bd3 b6 13. Ng5 Kg8 14. Qg2 Re8 15. h4 Nh5 16. Bh7+ Kf8 17. Nxf7 Qe7 18. Bg6 Bc7 19. Bxh5 Nf6 20. Bg6 Bd7 21. h5 1-0

[Event "Warren Bottom-Half U1700 op"]
[Site "Warren"]
[Date "2003.06.22"]
[Round "4"]
[White "Holden, Anthony"]
[Black "Li, Derek"]
[Result "1-0"]
[WhiteElo "1500"]
[BlackElo "1380"]
[PlyCount "99"]
[EventDate "2003.06.21"]
[EventType "swiss"]
[EventRounds "5"]
[EventCountry "USA"]
[SourceTitle "EXT 2008"]
[Source "ChessBase"]
[SourceDate "2007.11.25"]
[SourceVersion "1"]
[SourceVersionDate "2007.11.25"]
[SourceQuality "1"]

1. d4 Nf6 2. e3 g6 3. Bd3 Bg7 4. c3 0-0 5. h4 d6 6. Nd2 c5 7. f3 cxd4 8. cxd4 Nc6 9. g4 Bd7 10. h5 Re8 11. Qe2 Nb4 12. Bb1 Rc8 13. Nb3 Ba4 14. Bd2 Qb6 15. Bc3 Bb5 16. Qh2 Nfd5 17. hxg6 hxg6 18. Qd2 Nxc3 19. bxc3 Nd5 20. Ne2 Bxe2 21. Kxe2 Nxc3+ 22. Kf2 Nxb1 23. Raxb1 Qc7 24. Rbc1 Qd7 25. Qa5 a6 26. Rxc8 Rxc8 27. Rc1 Rxc1 28. Nxc1 Qc6 29. Nb3 Qc2+ 30. Qd2 Qc7 31. Qc1 Qd7 32. Qc4 b5 33. Qd5 Qc8 34. Na5 Qc2+ 35. Kg3 Bf8 36. Qb3 Qd2 37. Nc6 Qe1+ 38. Kf4 Qh4 39. Nb8 g5+ 40. Ke4 Qh7+ 41. Kd5 Qh3 42. e4 Qh6 43. Nxa6 Qe6+ 44. Kc6 Qc8+ 45. Nc7 Bg7 46. Qxb5 f6 47. Qa6 Qxa6+ 48. Nxa6 f5 49. d5 fxg4 50. fxg4 1-0

[Event "Warren Bottom-Half U1700 op"]
[Site "Warren"]
[Date "2003.06.21"]
[Round "3"]
[White "Holden, Anthony"]
[Black "Haidukewych, Dan"]
[Result "1-0"]
[WhiteElo "1500"]
[BlackElo "1672"]
[PlyCount "106"]
[EventDate "2003.06.21"]
[EventType "swiss"]
[EventRounds "5"]
[EventCountry "USA"]
[SourceTitle "EXT 2008"]
[Source "ChessBase"]
[SourceDate "2007.11.25"]
[SourceVersion "1"]
[SourceVersionDate "2007.11.25"]
[SourceQuality "1"]

1. d4 Nf6 2. e3 d5 3. Bd3 e6 4. c3 c5 5. Qe2 Bd6 6. f4 Nc6 7. Nf3 Ne4 8. Nbd2 f5 9. h4 Ng3 10. Qd1 Nxh1 11. Nf1 h6 12. Qe2 Qf6 13. g3 cxd4 14. exd4 g5 15. Ne5 g4 16. Qh2 Nxg3 17. Qxg3 Bxe5 18. fxe5 Qg6 19. b4 Bd7 20. a4 a6 21. b5 axb5 22. Bxb5 0-0 23. Ne3 h5 24. Ng2 Nxd4 25. Bxd7 Nc2+ 26. Kd1 Nxa1 27. Nf4 Qh7 28. Bxe6+ Kh8 29. Bxd5 Rad8 30. c4 Nc2 31. Kxc2 Rxd5 32. cxd5 Rc8+ 33. Kb1 Qc7 34. Qa3 Qc2+ 35. Ka1 Qxc1+ 36. Qxc1 Rxc1+ 37. Kb2 Rc5 38. e6 Kg7 39. d6 Kf6 40. Kb3 Rc6 41. d7 Rd6 42. Kc4 b6 43. a5 bxa5 44. Kc5 Rd1 45. Nd5+ Rxd5+ 46. Kxd5 Ke7 47. Kc6 g3 48. Kc7 f4 49. d8Q+ Kxe6 50. Qg5 g2 51. Qxg2 Kf5 52. Qf3 a4 53. Qxh5+ Ke4 1-0

[Event "Warren Bottom-Half U1700 op"]
[Site "Warren"]
[Date "2003.06.21"]
[Round "1"]
[White "Sattler, Peter"]
[Black "Holden, Anthony"]
[Result "1-0"]
[WhiteElo "1624"]
[BlackElo "1500"]
[PlyCount "86"]
[EventDate "2003.06.21"]
[EventType "swiss"]
[EventRounds "5"]
[EventCountry "USA"]
[SourceTitle "EXT 2008"]
[Source "ChessBase"]
[SourceDate "2007.11.25"]
[SourceVersion "1"]
[SourceVersionDate "2007.11.25"]
[SourceQuality "1"]

1. e4 c5 2. Nf3 e5 3. d3 Nc6 4. Nc3 h6 5. Be2 d6 6. 0-0 g5 7. Be3 Be6 8. Nd5 Nf6 9. Nxf6+ Qxf6 10. c3 g4 11. Ne1 h5 12. Qd2 Bh6 13. f4 Qg7 14. f5 Bxe3+ 15. Qxe3 Bd7 16. Qg3 Qg5 17. Rd1 0-0-0 18. h3 Rdg8 19. h4 Qd8 20. Nc2 Qb6 21. Rb1 Qa5 22. a3 Qa4 23. Ne3 Ne7 24. Nc4 Qa6 25. Qe3 b5 26. Nd2 Nc6 27. g3 Kc7 28. a4 Qxa4 29. Ra1 Qc2 30. Rfb1 c4 31. dxc4 bxc4 32. Bxc4 Bxf5 33. Bd3 Bxe4 34. Bxe4 Qxb1+ 35. Nxb1 Rb8 36. b4 Rhf8 37. Bxc6 Kxc6 38. Rxa7 f5 39. Ra6+ Kc7 40. Nd2 f4 41. Qe4 Rf6 42. Qh7+ Kc8 43. Rc6+ Kd8 1-0

[Event "Detroit op1"]
[Site "Detroit"]
[Date "2003.05.18"]
[Round "5"]
[White "Ricks, Breon"]
[Black "Holden, Anthony"]
[Result "1/2-1/2"]
[WhiteElo "1160"]
[BlackElo "1500"]
[PlyCount "87"]
[EventDate "2003.05.17"]
[EventType "swiss"]
[EventRounds "5"]
[EventCountry "USA"]
[SourceTitle "EXT 2007"]
[Source "ChessBase"]
[SourceDate "2006.11.23"]
[SourceVersion "1"]
[SourceVersionDate "2006.11.23"]
[SourceQuality "1"]

1. e4 c5 2. Bc4 Nc6 3. Nc3 a6 4. Qh5 e6 5. Nf3 b5 6. Be2 Nf6 7. Qh4 Be7 8. Qg5 Nb4 9. 0-0 Nxc2 10. Rb1 b4 11. Na4 Nxe4 12. Qxg7 Bf6 13. Qg4 d5 14. d3 h5 15. Qf4 e5 16. Nxe5 Nd4 17. Bd1 Qd6 18. Nxf7 Qxf4 19. Bxf4 Bd7 20. dxe4 Bxa4 21. Nxh8 Bxd1 22. Rbxd1 Ne2+ 23. Kh1 Nxf4 24. g3 dxe4 25. gxf4 Bxh8 26. b3 Kf7 27. Rd5 Bd4 28. Rxh5 a5 29. Kg2 a4 30. Re1 axb3 31. axb3 Ra2 32. Rb1 Rxf2+ 33. Kg3 e3 34. h4 Rc2 35. Rg5 Rc3 36. Kf3 Rc2 37. Rg2 Rc3 38. h5 e2+ 39. Kxe2 Rh3 40. Rg5 Kf6 41. Rd5 Re3+ 42. Kd2 Rf3 43. h6 Rxf4 44. Rh1 1/2-1/2

[Event "Flint op 07"]
[Site "Flint"]
[Date "2002.07.28"]
[Round "5"]
[White "Gross, Benjamin"]
[Black "Holden, Anthony"]
[Result "0-1"]
[WhiteElo "1493"]
[BlackElo "1505"]
[PlyCount "76"]
[EventDate "2002.07.27"]
[EventType "swiss"]
[EventRounds "5"]
[EventCountry "USA"]
[SourceTitle "EXT 2009"]
[Source "ChessBase"]
[SourceDate "2008.11.26"]
[SourceVersion "1"]
[SourceVersionDate "2008.11.26"]
[SourceQuality "1"]

1. d4 d5 2. c4 e5 3. dxe5 Bb4+ 4. Bd2 Qe7 5. a3 Bxd2+ 6. Qxd2 dxc4 7. Nf3 Bg4 8. Qg5 Qxg5 9. Nxg5 Nc6 10. e4 Nxe5 11. f4 Nd3+ 12. Bxd3 cxd3 13. Kd2 h6 14. Nf3 0-0-0 15. Ne5 Bh5 16. g4 f6 17. gxh5 fxe5 18. fxe5 Re8 19. Rg1 Rxe5 20. Kxd3 Nf6 21. Rxg7 Rxh5 22. Nd2 Rd8+ 23. Ke3 Rxh2 24. Rc1 c6 25. Nc4 Rh3+ 26. Kf4 Nh5+ 27. Kg4 Rg3+ 28. Kxh5 Rxg7 29. Ne3 Rd2 30. Nf5 Rh2+ 31. Nh4 Rg5+ 32. Kxh6 Rg4 33. Rc5 Rhxh4+ 34. Rh5 Rxe4 35. Kg6 Rxh5 36. Kxh5 Re3 37. Kg4 c5 38. Kf4 Rb3 0-1

[Event "Flint op 07"]
[Site "Flint"]
[Date "2002.07.27"]
[Round "3"]
[White "Robertson, John"]
[Black "Holden, Anthony"]
[Result "0-1"]
[WhiteElo "1552"]
[BlackElo "1505"]
[PlyCount "68"]
[EventDate "2002.07.27"]
[EventType "swiss"]
[EventRounds "5"]
[EventCountry "USA"]
[SourceTitle "EXT 2009"]
[Source "ChessBase"]
[SourceDate "2008.11.26"]
[SourceVersion "1"]
[SourceVersionDate "2008.11.26"]
[SourceQuality "1"]

1. e4 c5 2. Nf3 e5 3. Bc4 Nc6 4. 0-0 h6 5. Nc3 d6 6. d3 Bg4 7. h3 Bh5 8. g4 Bg6 9. Nd5 h5 10. Kg2 Qd7 11. g5 h4 12. c3 Bh5 13. Rg1 Nge7 14. Qf1 0-0-0 15. Ne1 Nxd5 16. Bxd5 f5 17. gxf6 gxf6 18. Nc2 f5 19. Ne3 f4 20. Nf5 Ne7 21. Nxe7+ Bxe7 22. f3 Rdg8+ 23. Bxg8 Rxg8+ 24. Kf2 Rg3 25. Rxg3 hxg3+ 26. Kg2 Bf7 27. Bd2 Be6 28. Qh1 Qb5 29. Qb1 Qd7 30. Qh1 Qb5 31. c4 Qxb2 32. Qc1 Qd4 33. Qf1 Bxc4 34. dxc4 Qxd2+ 0-1

[Event "Romulus op"]
[Site "Romulus"]
[Date "2002.06.21"]
[Round "1"]
[White "Holden, Anthony"]
[Black "Bolda, Dan G"]
[Result "1-0"]
[WhiteElo "1505"]
[BlackElo "1600"]
[PlyCount "81"]
[EventDate "2002.06.21"]
[EventType "swiss"]
[EventRounds "5"]
[EventCountry "USA"]
[SourceTitle "EXT 2008"]
[Source "ChessBase"]
[SourceDate "2007.11.25"]
[SourceVersion "1"]
[SourceVersionDate "2007.11.25"]
[SourceQuality "1"]

1. d4 Nf6 2. e3 d5 3. Bd3 c5 4. c3 Nc6 5. dxc5 e5 6. b4 e4 7. Be2 Be7 8. Nd2 0-0 9. Bb2 Qc7 10. a3 Ne5 11. h3 Bf5 12. Nb3 Rad8 13. g4 Bd7 14. Nd4 Ne8 15. h4 Qc8 16. g5 f6 17. f4 exf3 18. Bxf3 Nxf3+ 19. Ngxf3 Bg4 20. Qd2 fxg5 21. Nxg5 h6 22. Qh2 hxg5 23. hxg5 Bxg5 24. Qh7+ Kf7 25. Kd2 Bf6 26. Raf1 Ke7 27. Rh6 Rd7 28. Rhxf6 Rxf6 29. Rxf6 Kxf6 30. Qh4+ Kf7 31. Qxg4 Qc7 32. Qh5+ Ke7 33. Qg5+ Kf7 34. Nf3 Nf6 35. Qf5 Kg8 36. Qe6+ Kf8 37. Ne5 Rf7 38. c4 Ne4+ 39. Kd3 Nf2+ 40. Kd2 Rf6 41. Nd7+ 1-0

[Event "Auburn Hills op"]
[Site "Auburn Hills"]
[Date "2002.04.27"]
[Round "2"]
[White "Hollinsworth, Galon"]
[Black "Holden, Anthony"]
[Result "0-1"]
[WhiteElo "1534"]
[BlackElo "1477"]
[PlyCount "70"]
[EventDate "2002.04.26"]
[EventType "swiss"]
[EventRounds "5"]
[EventCountry "USA"]
[SourceTitle "EXT 2007"]
[Source "ChessBase"]
[SourceDate "2006.11.23"]
[SourceVersion "1"]
[SourceVersionDate "2006.11.23"]
[SourceQuality "1"]

1. e4 c5 2. Bc4 Nc6 3. Nf3 e5 4. c3 d6 5. d4 exd4 6. cxd4 Bg4 7. Qb3 Qe7 8. 0-0 Bxf3 9. gxf3 Nxd4 10. Bb5+ Kd8 11. Qd3 Qf6 12. f4 Nxb5 13. Qxb5 Qg6+ 14. Kh1 Qxe4+ 15. f3 Qc6 16. Qc4 f5 17. Nc3 Nf6 18. Be3 a6 19. a4 Kc7 20. b4 d5 21. Qb3 d4 22. b5 Qe8 23. Bxd4 cxd4 24. Rfe1 Qd7 25. Qc4+ Kd8 26. bxa6 Rxa6 27. Nb5 Rc6 28. Qd3 Bc5 29. Re5 g6 30. Qd2 Re8 31. Qa5+ Bb6 32. Qb4 Rxe5 33. fxe5 Qd5 34. Qf8+ Ne8 35. Kg2 Rc2+ 0-1

[Event "Lansing op"]
[Site "Lansing"]
[Date "2001.09.01"]
[Round "2"]
[White "Holden, Anthony"]
[Black "Vorhauer, Sam"]
[Result "0-1"]
[WhiteElo "1503"]
[BlackElo "1392"]
[PlyCount "83"]
[EventDate "2001.08.31"]
[EventType "swiss"]
[EventRounds "7"]
[EventCountry "USA"]
[SourceTitle "EXT 2007"]
[Source "ChessBase"]
[SourceDate "2006.11.23"]
[SourceVersion "1"]
[SourceVersionDate "2006.11.23"]
[SourceQuality "1"]

1. d4 d5 2. e3 e6 3. Bd3 Bd6 4. f4 Nf6 5. Nd2 Nbd7 6. Ngf3 c5 7. c3 c4 8. Bc2 b5 9. Ne5 Bb7 10. h4 Ne4 11. g4 f6 12. Nxd7 Qxd7 13. Bxe4 dxe4 14. g5 f5 15. h5 0-0-0 16. b4 h6 17. a4 a6 18. axb5 axb5 19. g6 Qc6 20. Rh2 Kc7 21. Nb1 Ra8 22. Ra5 Rxa5 23. bxa5 Ba6 24. Ra2 Ra8 25. Qc2 b4 26. Ra1 b3 27. Qf2 Be7 28. Ba3 Bxa3 29. Rxa3 Bb5 30. Qb2 Ba4 31. Ra1 Rxa5 32. Qa3 Qd6 33. Nd2 Qxa3 34. Rxa3 b2 35. Nb1 Kb6 36. Kd2 Kb5 37. Ke1 Bb3 38. Kd2 Rxa3 39. Nxa3+ Ka4 40. Nb1 Ba2 41. Kc2 Bxb1+ 42. Kxb1 0-1

[Event "Romulus op"]
[Site "Romulus"]
[Date "2000.09.02"]
[Round "2"]
[White "Holden, Anthony"]
[Black "Moore, Robert"]
[Result "1-0"]
[WhiteElo "1414"]
[BlackElo "1627"]
[PlyCount "63"]
[EventDate "2000.09.01"]
[EventType "swiss"]
[EventRounds "7"]
[EventCountry "USA"]
[SourceTitle "EXT 2007"]
[Source "ChessBase"]
[SourceDate "2006.11.23"]
[SourceVersion "1"]
[SourceVersionDate "2006.11.23"]
[SourceQuality "1"]

1. d4 Nf6 2. e3 d6 3. Bd3 g6 4. Nd2 Bg7 5. f4 0-0 6. f5 Nd5 7. Nb3 gxf5 8. Bd2 e6 9. Qf3 Qh4+ 10. g3 Qg4 11. Qg2 Nf6 12. h3 Qg6 13. 0-0-0 Ne4 14. g4 Bh6 15. Bxe4 fxe4 16. h4 d5 17. g5 f6 18. Nh3 e5 19. Rdg1 Bg7 20. h5 Qf7 21. Bb4 Re8 22. gxf6 Qxf6 23. dxe5 Rxe5 24. Bc3 Nc6 25. Nf4 Ne7 26. h6 Nf5 27. hxg7 Nxe3 28. Qh2 Bf5 29. Nh5 Qh6 30. Qxe5 Nc4+ 31. Qf4 Qe6 32. Nd4 1-0